Fundamentals of Pharmacy (For GPAT & NIPER) (Record no. 8992)

MARC details
000 -LEADER
fixed length control field 00389nam a22001457a 4500
003 - CONTROL NUMBER IDENTIFIER
control field OSt
008 - FIXED-LENGTH DATA ELEMENTS--GENERAL INFORMATION
fixed length control field 200715b ||||| |||| 00| 0 eng d
100 ## - MAIN ENTRY--PERSONAL NAME
Personal name Gohil, ChiragKumar. J
245 ## - TITLE STATEMENT
Title Fundamentals of Pharmacy (For GPAT & NIPER)
250 ## - EDITION STATEMENT
Edition statement 2018
260 ## - PUBLICATION, DISTRIBUTION, ETC. (IMPRINT)
Place of publication, distribution, etc New Delhi
Name of publisher, distributor, etc I P Innovative
300 ## - PHYSICAL DESCRIPTION
Extent 69
650 ## - SUBJECT ADDED ENTRY--TOPICAL TERM
Topical term or geographic name as entry element Pharmaceutics (Dispensing and General Pharmacy
942 ## - ADDED ENTRY ELEMENTS (KOHA)
Source of classification or shelving scheme Dewey Decimal Classification
Koha item type Text Books
Holdings
Withdrawn status Lost status Source of classification or shelving scheme Damaged status Not for loan Collection code Home library Current library Date acquired Source of acquisition Currency Cost, normal purchase price Bill Number Total Checkouts Full call number Acc. no. / Barcode Date last seen Actual Cost, discounted price Bill Date Koha item type
    Dewey Decimal Classification     B.Pharma PIET C-LIBRARY PIET C-LIBRARY 17/02/2020 Kirti Prakashan Rupees 375.00 IN6450   615 GOF BP1460 15/07/2020 262.50 17/02/2020 Reference Books
    Dewey Decimal Classification     B.Pharma PIET C-LIBRARY PIET C-LIBRARY 08/01/2026 Zafaa Books Distributres Indian Rup 375.00 ZBD0374   615 GOF BP2867 20/01/2026 281.25 20/01/2026 Text Books
    Dewey Decimal Classification     B.Pharma PIET C-LIBRARY PIET C-LIBRARY 08/01/2026 Zafaa Books Distributres Indian Rup 375.00 ZBD0374   615 GOF BP2868 20/01/2026 281.25 20/01/2026 Text Books
    Dewey Decimal Classification     B.Pharma PIET C-LIBRARY PIET C-LIBRARY 08/01/2026 Zafaa Books Distributres Indian Rup 375.00 ZBD0374   615 GOF BP2869 20/01/2026 281.25 20/01/2026 Text Books
    Dewey Decimal Classification     B.Pharma PIET C-LIBRARY PIET C-LIBRARY 08/01/2026 Zafaa Books Distributres Indian Rup 375.00 ZBD0374   615 GOF BP2870 20/01/2026 281.25 20/01/2026 Text Books

Design & Developed by: PIET Central Library
R70 Miles Stone Pattikalyana Samalkha Panipat 132102
mail ID :- [email protected], Phone No:- 0180-2569700 Ex.216